banner koha

Análises físico-químicas da cachaça (Registro n. 339051)

MARC details
000 -LÍDER
Campo de controle fixo 00961nam a22003017a 4500
001 - NÚMERO DE CONTROLE
Número de controle BR2025004680
003 - CÓDIGO MARC DA AGÊNCIA CATALOGADORA
Campo de controle BR-BrBNA
005 - DATA E HORA DA ÚLTIMA ATUALIZAÇÃO
Campo de controle 20251113121822.0
008 - CAMPO DE TAMANHO FIXO
Campo fixo de controle 251113b bl.||||| |||| 00| 0 por d
040 ## - FONTE DA CATALOGAÇÃO
Agência catalogadora BR-BrBNA
Idioma da catalogação por
041 ## - CÓDIGO DO IDIOMA
Código do Idioma por
072 ## - CATEGORIA AGRIS
Código da categoria de assunto/objeto <a href="Q02 ; Q04">Q02 ; Q04</a>
Código do objeto 9924
090 ## - NÚMERO DE CHAMADA
Localização na estante 9924 BR2025004680
100 0# - ENTRADA PRINCIPAL - NOME PESSOAL
Nome pessoal Cardoso, Maria das Graças
100 0# - ENTRADA PRINCIPAL - NOME PESSOAL
Nome pessoal Corrêa, Angelita Duarte
100 0# - ENTRADA PRINCIPAL - NOME PESSOAL
Nome pessoal Abreu, Celeste Maria Patto de
100 0# - ENTRADA PRINCIPAL - NOME PESSOAL
Nome pessoal Universidade Federal de Lavras, MG (Brasil)
245 ## - TÍTULO PRINCIPAL
Título principal Análises físico-químicas da cachaça
Subtítulo Curso de pós-graduação "lato sensu" (especialização) a distância: tecnologia da cachaça
260 ## - IMPRENTA (PUBLICAÇÃO, DISTRIBUIÇÃO, ETC.)
Lugar de publicação, distribuição, etc. Lavras, MG (Brasil)
Data de publicação, distribuição, etc 2004
300 ## - DESCRIÇÃO FÍSICA
Extensão 37 p.
Detalhes físicos adicionais il.
500 ## - NOTA GERAL
Notas gerais Includes several bibliographies; 6 illus.; 1 tables
650 ## - ASSUNTO - THESAGRO
Cabeçalho tópico ou nome geográfico CACHAÇA
650 ## - ASSUNTO - THESAGRO
Cabeçalho tópico ou nome geográfico BEBIDA ALCOÓLICA
650 ## - ASSUNTO - THESAGRO
Cabeçalho tópico ou nome geográfico ANÁLISE FÍSICA
650 ## - ASSUNTO - THESAGRO
Cabeçalho tópico ou nome geográfico ANÁLISE QUÍMICA
909 ## - IDENTIFICAÇÃO DO CATALOGADOR
Ano e mês da catalogação (aaaamm) 202511
Identificação do catalogador Fernando
942 ## - TIPO ESPECÍFICO
Tipo de material Livros
952 ## - LOCATION AND ITEM INFORMATION (KOHA)
-- 2025-11-13
Exemplares
Status de empréstimo Fonte de classificação Status de danificação Não pode ser emprestado Código da coleção Localização permanente Localização atual Localização na estante Total Checkouts Número de chamada Código de barras Tipo de material
  Classificação AGRIS     Agrobase Biblioteca Nacional de Agricultura - Binagri Biblioteca Nacional de Agricultura - Binagri Agrobase - Acervo Geral   9924 BR2025004680 2025-6957 Livros

BINAGRI

Telefone: (61)3218-2567/2388/3357/2097 - binagri@agro.gov.br

Ministério da Agricultura e Pecuária , Esplanada dos Ministérios, Bloco D, Anexo B, Brasília/DF, CEP: 70.043-900